000
00211 a2200097 4500
001
3772
100
_a
Majumdar, R.C
245
_a
Sepoy mutiny & revott of 1857 the
260
_a
_b
Firma
_c
090
_c
3007
_d
3007
942
_a
NUST-CAE
_c
M
_c
22303
999
_c
238845
_d
238845